000 00383nam a2200157Ia 4500
008 230312s9999||||xx |||||||||||||| ||und||
020 _a0-07-470653-5
082 _a658.802
_bWAL
100 _aWaller, David
245 0 _aHow to Prepare a Promotional Plan
260 _bMc graw hill
_aLondon
_c2003
300 _a100
546 _aEng.
650 _aManagement
_vAudience
942 _cBK
999 _c187
_d187